Silné pochybnosti o reforme školstva

Odborníci považujú Stratégiu konkurencieschopnosti Slovenska do roku 2010 za kvalitný dokument a patričnú odpoveď na kritiku, že vláda koná bez dlhodobej koncepcie a bez akejkoľvek vízie. Na rozdiel od európskej stratégie sa slovenská upriamuje aj na štrukturálne reformy a na reformu vzdelávania. Po...

Ausführliche Beschreibung

Gespeichert in:
Bibliographische Detailangaben
1. Verfasser: Zachar, Dušan
Format: Buchkapitel
Sprache:Slowakisch
Schlagworte:
Tags: Tag hinzufügen
Keine Tags, Fügen Sie das erste Tag hinzu!

MARC

LEADER 00000naa$a2200000$$$4500
001 0030629
005 20231016084558.2
041 0 |a slo 
044 |a SK 
245 1 0 |a Silné pochybnosti o reforme školstva  |c Dušan Zachar 
520 |a Odborníci považujú Stratégiu konkurencieschopnosti Slovenska do roku 2010 za kvalitný dokument a patričnú odpoveď na kritiku, že vláda koná bez dlhodobej koncepcie a bez akejkoľvek vízie. Na rozdiel od európskej stratégie sa slovenská upriamuje aj na štrukturálne reformy a na reformu vzdelávania. Poradie jednotlivých reforiem podľa prínosu k sociálno-ekonomickému rozvoju krajiny. 
610 2 0 |a stratégia hospodárska 
610 2 0 |a konkurencieschopnosť 
610 2 0 |a reformy 
610 2 0 |a reformy štruktúrne 
610 2 0 |a vzdelávanie 
610 2 0 |a vývoj sociálny 
610 2 0 |a vízie 
610 2 0 |a dokumenty 
610 2 0 |a koncepcie 
610 2 0 |a Slovensko 
100 1 |a Zachar, Dušan